| 000 | 01035nam0a22002891 4500 | ||
|---|---|---|---|
| 001 | RU\NLR\INFOCOMM_253\5000054943 | ||
| 005 | 20250613101547.0 | ||
| 035 | _a(NLR Aleph) 009382789 | ||
| 090 |
_a7993227 _c7993227 |
||
| 100 | _a20101229d1982 |||y0rusy50 ca | ||
| 101 | 1 |
_aspa _crus |
|
| 102 | _aRU | ||
| 105 | _aa ||||000|y | ||
| 200 | 1 |
_aSimón Bolívar _e[Vida y obra] _fI. Lavretski _g[Trad. del ruso por P. Boyko] |
|
| 210 |
_aM. _cProgreso _d1982 |
||
| 215 |
_a191 с., 17 л. ил., портр., карт. _cил., портр., карт. _d21 см |
||
| 300 | _aНа обороте тит. л.: Симон Боливар / И. Лаврецкий | ||
| 320 | _aБиблиогр.: с. 190-191 | ||
| 686 |
_aТ3(70)51-8 _2rubbk |
||
| 700 | 1 |
_9z01790 _aGrigulevič _bI. R. _f1913-1988 _gIosif Romual'dovič _4070 |
|
| 702 | 1 |
_aBolívar _bS. _f1783-1830 _gSimón _4570 |
|
| 790 | 1 |
_9z01700 _aLavretski _bI. _c[pseud.] _4070 |
|
| 801 | 1 |
_aRU _bNLR _c20101229 |
|
| 801 | 0 |
_aRU _bNLR _gPSBO |
|
| 852 |
_aNLR _jИ97 Д-3/474 |
||
| 942 | _cBOOK | ||
| 980 | _aNB | ||